Cities by Air Pollution - Statistics

General Stats
  • This quiz has been taken 170 times
  • The average score is 5 of 20
Answer Stats
Pollution Index City % Correct
93.92 Beijing
94%
93.09 Delhi
77%
93.08 Guangzhou
45%
96.02 Cairo
44%
94.37 Karachi
44%
94.78 Dhaka
43%
92.43 Manila
37%
94.94 Kathmandu
17%
92.35 Alexandria
16%
102.8 Kabul
16%
94.64 Ho Chi Minh City
8%
94.26 Ulaanbaatar
5%
101.66 Accra
4%
93.6 Casablanca
3%
94.33 Kanpur
2%
92.41 Amritsar
1%
96.03 Faridabad
1%
95.27 Ghaziabad
1%
92.52 Noida
1%
97.97 Tetovo
0%
No matching quizzes found
Score Distribution
Percent of People with Each Score
Percentile by Number Answered
Your Score History
You have not taken this quiz